| 000 | 00478cam a2200193ua 4500 | ||
|---|---|---|---|
| 020 | _c25.00 | ||
| 041 |
_aeng _h |
||
| 082 |
_a630.33 _bSAD/FU |
||
| 100 | _aSadhu, A N . | ||
| 245 |
_aFundamentals of agricultural economics / _cA N Sadhu. _hTextual Documents |
||
| 250 |
_a2 / _b. |
||
| 260 |
_aMumbai : _bHimalaya Publishers , _c1985. |
||
| 300 | _a324 ; . | ||
| 365 | _a25.00 | ||
| 504 | _a | ||
| 700 | 1 | _aAmarjit, Singh . | |
| 942 | _cBK | ||
| 999 |
_c9944 _d9944 |
||